A quels clubs de football appartiennent ces joueurs - Statistiques

Statistiques générales
  • Ce quiz a été pris 779 fois
  • Le résultat moyen est 10 sur 13
Statistiques - réponses
joueurs clubs % Correct
Mohamed Salah Liverpool
95%
Paulo Dybala JuventusTurin
94%
Dimitri Payet Olympique de Marseille
94%
Ben Yedder AS Monaco
93%
Idrissa Gueye Paris
93%
De Jong FC Barcelone
92%
Thomas Lemar Athlético Madrid
86%
Mauro Icardi Inter Milan
79%
Onana Ajax Amsterdam
73%
Guendouzi Arsenal
71%
Frank Ribéry Fiorentina
70%
Kévin Gameiro FC Valence
50%
Javier Pastore AS Roma
49%
Aucun quiz correspondant
Distribution des résultats
% des personnes avec chaque résultat
Percentile par nombre de réponses
Votre historique - résultats
Vous n’avez pas pris ce quiz